Statistics for Top 5 NBA First Round Playoffs 2018 Players By Position

Click here to take the quiz!

General Stats

  • This quiz has been taken 130 times
  • The average score is 15 of 30

Answer Stats

Postion Player % Correct
PFLeBron James
94%
SFKevin Durant
85%
SGJames Harden
76%
CAnthony Davis
74%
PFDraymond Green
61%
SGDeMar DeRozan
59%
PGBen Simmons
57%
CJoel Embiid
56%
SGJrue Holiday
55%
SFPaul George
53%
PFGiannis Antetokounmpo
52%
PGJohn Wall
52%
SGVictor Oladipo
51%
HCBrett Brown
51%
SGDonovan Mitchell
51%
SFJayson Tatum
50%
CLaMarcus Aldridge
48%
PGTerry Rozier
47%
CClint Capela
45%
CAl Horford
45%
PGRajon Rondo
42%
HCBrad Stevens
40%
SFKhris Middleton
37%
PGRicky Rubio
37%
HCDwane Casey
29%
HCAlvin Gentry
27%
PFNikola Mirotic
26%
HCQuin Snyder
24%
SFJoe Ingles
21%
PFDario Saric
21%

Score Distribution

Percentile by Number Answered

Percent of People with Each Score

Your Score History

You have not taken this quiz